000 00465nam a2200181Ia 4500
001 16074
005 20260306170243.0
008 260306t2014||||xx |||||||||||||| ||und||
041 _aESP
082 _a346.6
_bL35
100 _aLetai, Pedro
_eAUT
245 0 _aSiete lecciones de derecho de contratos:
_baspectos prácticos y económicos
260 _c2014
300 _a184 páginas :
_c23 cm.
650 _aGEN
654 _aCDE
942 _cLIB
_dJUS
_fJUS
_2ddc
_n
999 _c16074
_d16074